[Event "Stay Safe Play From Home 272"]
[Site "Emanuel Lasker Arena"]
[Date "2020.07.02"]
[Round "9"]
[White "Bishop91"]
[Black "Broken sword"]
[Result "0-1"]
[WhiteElo "1616"]
[BlackElo "2421"]
[Annotator "NA"]
[PlyCount "90"]
[EventDate "2020.07.02"]
[EventType "swiss (blitz)"]

1. d4 {[%emt 0:00:01]} c5 {[%emt 0:00:01]} 2. dxc5 {[%emt 0:00:01]} e6 {[%emt 0:00:01]} 3. c4 {[%emt 0:00:01]} Bxc5 {[%emt 0:00:00]} 4. Nc3 {[%emt 0:00:01]} Nf6 {[%emt 0:00:00]} 5. e3 {[%emt 0:00:00]} a6 {[%emt 0:00:01]} 6. Nf3 {[%emt 0:00:02]} d5 {[%emt 0:00:01]} 7. Be2 {[%emt 0:00:01]} Nc6 {[%emt 0:00:01]} 8. O-O {[%emt 0:00:01]} O-O {[%emt 0:00:00]} 9. cxd5 {[%emt 0:00:01]} exd5 {[%emt 0:00:01]} 10. Nd4 {[%emt 0:00:01]} Nxd4 {[%emt 0:00:01]} 11. exd4 {[%emt 0:00:02]} Bd6 {[%emt 0:00:01]} 12. Be3 {[%emt 0:00:00]} Bf5 {[%emt 0:00:02]} 13. Bd3 {[%emt 0:00:01]} Bg6 {[%emt 0:00:01]} 14. Bxg6 {[%emt 0:00:02]} hxg6 {[%emt 0:00:00]} 15. Qf3 {[%emt 0:00:02]} Qd7 {[%emt 0:00:01]} 16. h3 {[%emt 0:00:02]} Rad8 {[%emt 0:00:01]} 17. Rac1 {[%emt 0:00:02]} Rfe8 {[%emt 0:00:01]} 18. Rfe1 {[%emt 0:00:01]} Bb4 {[%emt 0:00:01]} 19. a3 {[%emt 0:00:01]} Bxc3 {[%emt 0:00:01]} 20. Rxc3 {[%emt 0:00:00]} Ne4 {[%emt 0:00:00]} 21. Rc2 {[%emt 0:00:02]} Rc8 {[%emt 0:00:00]} 22. Rec1 {[%emt 0:00:01]} Rxc2 {[%emt 0:00:01]} 23. Rxc2 {[%emt 0:00:00]} Rc8 {[%emt 0:00:00]} 24. Rc7 {[%emt 0:00:01]} Rxc7 {[%emt 0:00:01]} 25. Qf4 {[%emt 0:00:01]} Rc6 {[%emt 0:00:01]} 26. f3 {[%emt 0:00:02]} Nf6 {[%emt 0:00:02]} 27. Qb8+ {[%emt 0:00:01]} Rc8 {[%emt 0:00:01]} 28. Qf4 {[%emt 0:00:01]} Re8 {[%emt 0:00:01]} 29. Bf2 {[%emt 0:00:02]} Qe7 {[%emt 0:00:02]} 30. Bg3 {[%emt 0:00:01]} Qe3+ {[%emt 0:00:01]} 31. Qxe3 {[%emt 0:00:04]} Rxe3 {[%emt 0:00:00]} 32. Bf2 {[%emt 0:00:00]} Re2 {[%emt 0:00:02]} 33. Kh2 {[%emt 0:00:00]} Rxf2 {[%emt 0:00:01]} 34. Kg3 {[%emt 0:00:00]} Rxb2 {[%emt 0:00:01]} 35. Kf4 {[%emt 0:00:00]} Nh5+ {[%emt 0:00:01]} 36. Ke5 {[%emt 0:00:00]} Rxg2 {[%emt 0:00:01]} 37. Kxd5 {[%emt 0:00:00]} Rg3 {[%emt 0:00:00]} 38. Kd6 {[%emt 0:00:00]} Rxf3 {[%emt 0:00:01]} 39. d5 {[%emt 0:00:00]} Nf6 {[%emt 0:00:00]} 40. Kc7 {[%emt 0:00:01]} Rd3 {[%emt 0:00:00]} 41. d6 {[%emt 0:00:00]} g5 {[%emt 0:00:01]} 42. Kxb7 {[%emt 0:00:02]} Rxd6 {[%emt 0:00:01]} 43. Kc7 {[%emt 0:00:01]} Ne4 {[%emt 0:00:00]} 44. Kb7 {[%emt 0:00:00]} f5 {[%emt 0:00:01]} 45. a4 {[%emt 0:00:00]} f4 {[%emt 0:00:00] Bishop91 resigns (Lag: Av=0.26s, max=0.6s)} 0-1

[Event "Stay Safe Play From Home 272"]
[Site "Emanuel Lasker Arena"]
[Date "2020.07.02"]
[Round "9"]
[White "Trotsky"]
[Black "Greblah"]
[Result "1-0"]
[WhiteElo "1601"]
[BlackElo "1881"]
[Annotator "NA"]
[PlyCount "29"]
[EventDate "2020.07.02"]
[EventType "swiss (blitz)"]

1. d4 {[%emt 0:00:01]} c6 {[%emt 0:00:00]} 2. e3 {[%emt 0:00:00]} d5 {[%emt 0:00:00]} 3. c4 {[%emt 0:00:00]} Nf6 {[%emt 0:00:02]} 4. Nc3 {[%emt 0:00:01]} e6 {[%emt 0:00:01]} 5. Qc2 {[%emt 0:00:01]} Be7 {[%emt 0:00:01]} 6. c5 {[%emt 0:00:01]} O-O {[%emt 0:00:01]} 7. Bd3 {[%emt 0:00:01]} Nbd7 {[%emt 0:00:01]} 8. Nf3 {[%emt 0:00:01]} g6 {[%emt 0:00:01]} 9. Ng5 {[%emt 0:00:01]} Kg7 {[%emt 0:00:02]} 10. h4 {[%emt 0:00:01]} h6 {[%emt 0:00:01]} 11. h5 {[%emt 0:00:02]} hxg5 {[%emt 0:00:01]} 12. Bxg6 {[%emt 0:00:02]} fxg6 {[%emt 0:00:01]} 13. Qxg6+ {[%emt 0:00:01]} Kh8 {[%emt 0:00:01]} 14. h6 {[%emt 0:00:01]} Nh7 {[%emt 0:00:02]} 15. Qg7# {[%emt 0:00:01] (Lag: Av=0.25s, max=0.3s)} 1-0

[Event "Stay Safe Play From Home 272"]
[Site "Emanuel Lasker Arena"]
[Date "2020.07.02"]
[Round "9"]
[White "Klasman"]
[Black "SoulofWolf"]
[Result "0-1"]
[WhiteElo "1355"]
[BlackElo "2232"]
[PlyCount "40"]
[EventDate "2020.07.02"]
[EventType "swiss (blitz)"]

1. f4 {[%emt 0:00:02]} d5 {[%emt 0:00:00]} 2. Nf3 {[%emt 0:00:01]} c5 {[%emt 0:00:00]} 3. e3 {[%emt 0:00:01]} Nc6 {[%emt 0:00:00]} 4. c4 {[%emt 0:00:01]} g6 {[%emt 0:00:00]} 5. cxd5 {[%emt 0:00:01]} Qxd5 {[%emt 0:00:00]} 6. Nc3 {[%emt 0:00:01]} Qd8 {[%emt 0:00:02]} 7. Bb5 {[%emt 0:00:01]} Bd7 {[%emt 0:00:01]} 8. Bxc6 {[%emt 0:00:02]} Bxc6 {[%emt 0:00:00]} 9. O-O {[%emt 0:00:02]} Bg7 {[%emt 0:00:01]} 10. Ne5 {[%emt 0:00:03]} Qc7 {[%emt 0:00:03]} 11. Qg4 {[%emt 0:00:06]} Bxe5 {[%emt 0:00:04]} 12. fxe5 {[%emt 0:00:02]} Qxe5 {[%emt 0:00:00]} 13. b3 {[%emt 0:00:05]} Nf6 {[%emt 0:00:00]} 14. Qh3 {[%emt 0:00:06]} Nh5 {[%emt 0:00:06]} 15. Bb2 {[%emt 0:00:03]} Bd7 {[%emt 0:00:01]} 16. Qh4 {[%emt 0:00:06]} f6 {[%emt 0:00:06]} 17. Na4 {[%emt 0:00:05]} Qd6 {[%emt 0:00:03]} 18. d4 {[%emt 0:00:02]} Bxa4 {[%emt 0:00:01]} 19. dxc5 {[%emt 0:00:06]} Qxc5 {[%emt 0:00:03]} 20. Qxa4+ {[%emt 0:00:02]} Kf7 {[%emt 0:00:02] Time (Lag: Av=0.36s, max=1.1s)} 0-1